Gaming Quiz

Random Gaming or Pokémon Quiz

Starter Pokemon Quiz Stats

 Plays Quiz not verified by Sporcle

Score 0/118 Timer 10:00
0 Plays Today
Game Pokemon % Correct
Red/Green/Blue/FireRed/LeafGreenSquirtle
99.1%
Mystery Dungeon Red & BlueSquirtle
99.1%
Mystery Dungeon Time & DarknessSquirtle
99.1%
Mystery Dungeon SkySquirtle
99.1%
Stormy Adventure SquadSquirtle
99.1%
Red/Green/Blue/FireRed/LeafGreenBulbasaur
98.1%
Red/Green/Blue/FireRed/LeafGreenCharmander
98.1%
YellowPikachu
98.1%
Mystery Dungeon Red & BlueBulbasaur
98.1%
Mystery Dungeon Red & BlueCharmander
98.1%
Mystery Dungeon Red & BluePikachu
98.1%
Mystery Dungeon Time & DarknessBulbasaur
98.1%
Mystery Dungeon Time & DarknessCharmander
98.1%
Mystery Dungeon Time & DarknessPikachu
98.1%
Mystery Dungeon SkyBulbasaur
98.1%
Mystery Dungeon SkyCharmander
98.1%
Mystery Dungeon SkyPikachu
98.1%
Blazing Adventure SquadCharmander
98.1%
Light Adventure SquadPikachu
98.1%
Gold/Silver/Crystal/HeartGold/SoulSilverCyndaquil
86%
Mystery Dungeon Red & BlueCyndaquil
86%
Mystery Dungeon Time & DarknessCyndaquil
86%
Mystery Dungeon SkyCyndaquil
86%
Blazing Adventure SquadCyndaquil
86%
Ruby/Sapphire/EmeraldMudkip
85%
Mystery Dungeon Red & BlueMudkip
85%
Mystery Dungeon Time & DarknessMudkip
85%
Mystery Dungeon SkyMudkip
85%
Stormy Adventure SquadMudkip
85%
Gold/Silver/Crystal/HeartGold/SoulSilverTotodile
84.1%
Mystery Dungeon Red & BlueTotodile
84.1%
Mystery Dungeon Time & DarknessTotodile
84.1%
Mystery Dungeon SkyTotodile
84.1%
Stormy Adventure SquadTotodile
84.1%
Gold/Silver/Crystal/HeartGold/SoulSilverChikorita
82.2%
Ruby/Sapphire/EmeraldTorchic
82.2%
Diamond/Pearl/PlatinumPiplup
82.2%
Mystery Dungeon Red & BlueChikorita
82.2%
Mystery Dungeon Red & BlueTorchic
82.2%
Mystery Dungeon Time & DarknessChikorita
82.2%
Game Pokemon % Correct
Mystery Dungeon Time & DarknessTorchic
82.2%
Mystery Dungeon Time & DarknessPiplup
82.2%
Mystery Dungeon SkyChikorita
82.2%
Mystery Dungeon SkyTorchic
82.2%
Mystery Dungeon SkyPiplup
82.2%
Blazing Adventure SquadTorchic
82.2%
Stormy Adventure SquadPiplup
82.2%
Ranger: Shadows of AlmiaPiplup
82.2%
Ruby/Sapphire/EmeraldTreecko
79.4%
Mystery Dungeon Red & BlueTreecko
79.4%
Mystery Dungeon Time & DarknessTreecko
79.4%
Mystery Dungeon SkyTreecko
79.4%
Diamond/Pearl/PlatinumTurtwig
77.6%
Mystery Dungeon Time & DarknessTurtwig
77.6%
Mystery Dungeon SkyTurtwig
77.6%
Ranger: Shadows of AlmiaTurtwig
77.6%
Diamond/Pearl/PlatinumChimchar
76.6%
Mystery Dungeon Time & DarknessChimchar
76.6%
Mystery Dungeon SkyChimchar
76.6%
Blazing Adventure SquadChimchar
76.6%
Ranger: Shadows of AlmiaChimchar
76.6%
Black/WhiteSnivy
64.5%
XD: Gale of DarknessEevee
64.5%
Mystery Dungeon Red & BlueEevee
64.5%
Mystery Dungeon SkyEevee
64.5%
Blazing Adventure SquadEevee
64.5%
Black/WhiteTepig
63.6%
Black/WhiteOshawott
61.7%
ColosseumEspeon
53.3%
ColosseumUmbreon
53.3%
Mystery Dungeon Red & BlueMeowth
40.2%
Mystery Dungeon Time & DarknessMeowth
40.2%
Light Adventure SquadMeowth
40.2%
Mystery Dungeon Time & DarknessMunchlax
37.4%
Light Adventure SquadPichu
37.4%
Ranger: Shadows of AlmiaMunchlax
37.4%
Ranger: Guardian SignsPichu
37.4%
Mystery Dungeon Red & BlueMachop
35.5%
Ranger: Shadows of AlmiaMachop
35.5%
Mystery Dungeon Red & BlueSkitty
33.6%
Game Pokemon % Correct
Mystery Dungeon Time & DarknessSkitty
33.6%
Mystery Dungeon SkySkitty
33.6%
Mystery Dungeon Red & BluePsyduck
31.8%
Light Adventure SquadPsyduck
31.8%
Mystery Dungeon SkyRiolu
29.9%
Stormy Adventure SquadRiolu
29.9%
Mystery Dungeon SkyVulpix
29%
Blazing Adventure SquadVulpix
29%
RangerPlusle
29%
RangerMinun
29%
Mystery Dungeon Red & BlueCubone
27.1%
Blazing Adventure SquadGrowlithe
25.2%
Light Adventure SquadPachirisu
25.2%
Ranger: Shadows of AlmiaPachirisu
25.2%
Mystery Dungeon SkyShinx
23.4%
Light Adventure SquadShinx
23.4%
Ranger: Shadows of AlmiaStarly
22.4%
Light Adventure SquadTogepi
21.5%
Light Adventure SquadElekid
19.6%
RumbleRatatta
19.6%
Mystery Dungeon SkyPhanpy
16.8%
Blazing Adventure SquadTeddiursa
16.8%
Stormy Adventure SquadWooper
16.8%
Stormy Adventure SquadPhanpy
16.8%
Stormy Adventure SquadAzurill
16.8%
Ranger: Shadows of AlmiaMime Jr.
16.8%
Ranger: Shadows of AlmiaShieldon
15.9%
Light Adventure SquadMareep
15%
Ranger: Shadows of AlmiaKricketot
15%
Ranger: Shadows of AlmiaCranidos
15%
Stormy Adventure SquadWynaut
14%
Ranger: Shadows of AlmiaCroagunk
14%
Ranger: Shadows of AlmiaGible
13.1%
Ranger: Shadows of AlmiaSneasel
13.1%
Ranger: Shadows of AlmiaMisdreavus
13.1%
Ranger: Shadows of AlmiaHippopotas
10.3%
Ranger: Shadows of AlmiaSnover
10.3%
Blazing Adventure SquadBuneary
9.3%

You're not logged in!

Compare scores with friends on all Sporcle quizzes.
OR
Log In

Show Comments

Extras

Created Nov 24, 2010ReportNominate
Tags:Pokémon Quiz, starter

Top Quizzes Today


Score Distribution

Your Account Isn't Verified!

In order to create a playlist on Sporcle, you need to verify the email address you used during registration. Go to your Sporcle Settings to finish the process.

Report this User

Report this user for behavior that violates our Community Guidelines.

Details: